000 00835nam a22002777a 4500
003 CHAP
005 20220329134601.0
008 971013s1963 r 00010 d
010 _a22546
011 _a23518
035 _a27614
040 _cCHAP
090 _aFolleto 2060
110 _aComisión de Construcciones Escolares
_925672
245 _aAplicación mexicana a la carta de construcciones ecolares
260 _aMéxico :
_bLa Prensa,
_c1963
300 _a47 p.
590 _aBATCH-UPD
_b10
_c20130110
_lUCH01
_h2233
590 _aBATCH-UPD
_b10
_c20130410
_lUCH01
_h1528
590 _aBATCH-UPD
_b10
_c20130914
_lUCH01
_h1850
590 _aCONVERSION
_b10
_c20130109
_lUCH01
_h1313
650 1 4 _aEscuelas
_xConstrucción.
_937621
901 _aBK
942 _cFOLL
949 _aFolleto 2060
_bBC
_cFOLL
_d-64019
_eTS1
_i27614
_si
999 _c22546
_d22546